The development and treatment of girlhood agression (Record no. 3031)
[ view plain ]
| 000 -LEADER | |
|---|---|
| fixed length control field | 00294nam a22001217a 4500 |
| 020 ## - INTERNATIONAL STANDARD BOOK NUMBER | |
| International Standard Book Number | 9780415652353 |
| 082 ## - DEWEY DECIMAL CLASSIFICATION NUMBER | |
| Classification number | 302.540 |
| 100 ## - MAIN ENTRY--PERSONAL NAME | |
| Personal name | Debra J. Peoler |
| 245 ## - TITLE STATEMENT | |
| Title | The development and treatment of girlhood agression |
| 260 ## - PUBLICATION, DISTRIBUTION, ETC. | |
| Place of publication, distribution, etc. | New york |
| Name of publisher, distributor, etc. | Psychology press |
| 300 ## - PHYSICAL DESCRIPTION | |
| Extent | 307p |
| 942 ## - ADDED ENTRY ELEMENTS (KOHA) | |
| Koha item type | Book |
| Withdrawn status | Lost status | Damaged status | Not for loan | Collection code | Permanent Location | Current Location | Shelving location | Date acquired | Total Checkouts | Full call number | Barcode | Date last seen | Price effective from | Koha item type |
|---|---|---|---|---|---|---|---|---|---|---|---|---|---|---|
| Central Library (CL) | Central Library (CL) | General Stacks | 04/27/2016 | 302.540 DEV | S3H-S-8 | 10/25/2021 | 04/27/2016 | Book |
